|
|
|
|
| LEADER |
01608nam a2200397Ia 4500 |
| 001 |
EBC3414586 |
| 003 |
MiAaPQ |
| 005 |
20200520144314.0 |
| 006 |
m o d | |
| 007 |
cr cn||||||||| |
| 008 |
020716s2002 miua sb s000 0 eng d |
| 010 |
|
|
|z 2002028711
|
| 020 |
|
|
|z 9780472088607
|
| 020 |
|
|
|z 0472088602 (paper : acid-free paper)
|
| 035 |
|
|
|a (MiAaPQ)EBC3414586
|
| 035 |
|
|
|a (Au-PeEL)EBL3414586
|
| 035 |
|
|
|a (CaPaEBR)ebr10356837
|
| 035 |
|
|
|a (CaONFJC)MIL244457
|
| 035 |
|
|
|a (OCoLC)743199590
|
| 040 |
|
|
|a MiAaPQ
|c MiAaPQ
|d MiAaPQ
|
| 050 |
|
4 |
|a JZ1242
|b .C66 2002
|
| 245 |
0 |
0 |
|a Conflict, security, foreign policy, and international political economy
|h [electronic resource] :
|b past paths and future directions in international studies /
|c edited by Michael Brecher and Frank P. Harvey.
|
| 260 |
|
|
|a Ann Arbor :
|b University of Michigan Press,
|c c2002.
|
| 300 |
|
|
|a viii, 260 p. :
|b ill.
|
| 490 |
1 |
|
|a Millennial reflections on international studies
|
| 504 |
|
|
|a Includes bibliographical references.
|
| 533 |
|
|
|a Electronic reproduction. Ann Arbor, MI : ProQuest, 2015. Available via World Wide Web. Access may be limited to ProQuest affiliated libraries.
|
| 650 |
|
0 |
|a International relations.
|
| 650 |
|
0 |
|a International economic relations.
|
| 650 |
|
0 |
|a Security, International.
|
| 655 |
|
4 |
|a Electronic books.
|
| 700 |
1 |
|
|a Brecher, Michael.
|
| 700 |
1 |
|
|a Harvey, Frank P.
|
| 710 |
2 |
|
|a ProQuest (Firm)
|
| 830 |
|
0 |
|a Millennial reflections on international studies.
|
| 856 |
4 |
0 |
|u https://ebookcentral.proquest.com/lib/matrademy/detail.action?docID=3414586
|z Click to View
|